Name a Valid First-Level Subdivision - Statistics

General Stats
  • This quiz has been taken 46 times
  • The average score is 10 of 15
Answer Stats
Criteria Answer % Correct
Has a GDP larger than Russia California| Texas| England
91%
U.S state in New England Connecticut| Maine| Massachusetts| New Hampshire| Rhode Island| Vermont
91%
Located in the Kanto regionof Japan Chiba| Gunma| Ibaraki| Kanagawa| Saitama| Tochigi| Tokyo
88%
One of the top 10 largest subdivisons Sakha| Western Australia| Krasnoyarsk| Greenland| Nunavut| Alaska| Queensland| Xinjiang| Amazonas| Quebec
88%
GDP per capital >100k District of Columbia| Basel-Stadt| Zug| Dublin| Geneva| Oslo| Western Australia| New York| Neuchatel| Schaffhausen| Zurich| Massachusetts| Ticino| Washington
81%
Has the name "Saint" St.-Louis| St. Pierre and Miquelon| St. Barthelemy| St. Ann| St. James| St. Elizabeth| St. Catherine| St. Thomas| St. Mary| St. Helena| St. Louis| St. George| St. John| St. Mary| St. Paul| St. Peter| St. Philip| St. Andrew| St. John| St. Joseph| St. Lucy| St. Michael| St.-Martin| St. David| St. Mark| St. Patrick| St. Luke| St. Kitts
81%
Has >100 million people Uttar Pradesh| Punjab| Guangdong| Maharashtra| Bihar| Shandong
81%
Located in Bangladesh Barisal| Chittagong| Dhaka| Khulna| Mymensingh| Rajshahi| Rangpur| Sylhet
78%
Located in the North Caucasus Federal District in Russia Dagestan| Ingushetia| Kabardino-Balkaria| Karachay-Cherkessia| North Ossetia-Alania| Stavropol| Chechnya
69%
Borders the Red Sea Red Sea| South Sinai| Suez| Aqaba| Tabuk| Al Madinah| Makkah| Jizan| Northern Red Sea| Southern Red Sea| Hajjah| Al Hudaydah| Ta'izz| Obock| Southern
66%
Borders Indonesia Sarawak| Sabah| Oecusse| Bobanaro| Cova Lima| Sandaun| Western
47%
Borders French Guiana Amapa| Marowijne| Sipaliwini
44%
Has an exclave enclaved by another country Gegharkunik| Tyrol| Qazakh| Nakhchivan| Agstafa| Rangpur| Flanders| Republika Srpska| Karlovac| Larnaca| North Rhine-Westphalia| Baden-Wurttemberg| Lombardy| Kara-Suu| North Brabant| Musandam| Bryansk| Catalonia| Sughd| Sharjah| Fergana
38%
Borders the Alboran Sea Tangier-Tetouan-Al Hoceima| L'Oriental| Andalusia| Gibraltar| Ceuta| Melilla| Oran| Ain Temouchent| Tlemcen
31%
Is uninhabted Redonda| Ashmore and Cartier Islands| Heard Island and McDonald Island| Clipperton Island| Peter I Island| Bouvet Island| Rongelap Atoll
22%
No matching quizzes found
Score Distribution
Percent of People with Each Score
Percentile by Number Answered
Your Score History
You have not taken this quiz